Translation and culture: (Record no. 37194)

MARC details
000 -LEADER
fixed length control field 00670nam a22001937a 4500
005 - DATE AND TIME OF LATEST TRANSACTION
control field 20100722124147.0
010 ## - LCCN (DPL NO)
LC control number ENG-96522
020 ## - INTERNATIONAL STANDARD BOOK NUMBER
International Standard Book Number 9788190941600
Terms of availability 550.00
035 ## - SYSTEM CONTROL NUMBER
System control number EN-80055
037 ## - SOURCE OF ACQUISITION
Source of stock number/acquisition DBAD/PUB
082 ## - DEWEY DECIMAL CLASSIFICATION NUMBER
Classification number 306
245 ## - TITLE STATEMENT
Title Translation and culture:
Remainder of title indian perspectives /
Statement of responsibility, etc edited by GJV Prasad
260 ## - PUBLICATION, DISTRIBUTION, ETC. (IMPRINT)
Place of publication, distribution, etc New Delhi
Name of publisher, distributor, etc Pencraft International
Date of publication, distribution, etc 2010
270 ## - ADDRESS
Address 4262/3, Ansari Road, Darya Ganj, New Delhi-110002
City New Delhi
Postal code 110002
300 ## - PHYSICAL DESCRIPTION
Extent 224p.
Dimensions 24cm (Hb)
700 ## - ADDED ENTRY--PERSONAL NAME
Personal name Prasad, GJV
9 (RLIN) 673
942 ## - ADDED ENTRY ELEMENTS (KOHA)
Source of classification or shelving scheme Dewey Decimal Classification
Item type English Books
Call number suffix TRA
Classification part 306
Holdings
Withdrawn status Lost status Not for loan Collection code Home library Current library Date acquired Source of acquisition Cost, normal purchase price Barcode Copy number Cost, replacement price Koha item type
    Not For Loan Non-fiction D.B.Act.Division D.B.Act.Division 22/07/2010 DBAD/PUB 550.00 EN-80055 1 550.00 English Books

© Delhi Public Library
Hit Counter
free hit counter